000 00729nam a2200289Ia 4500
005 20260324143905.0
008 008 260324s9999 xx 000 0 eng d
020 _a9781003465089
037 _aEBOOK
040 _aCRL
040 _beng
040 _cCRL
041 _2eng
041 _aeng
084 _qCRL
100 _aJack Hardisty
_91217316
245 4 _aThe British Seas
245 3 _bAn Introduction to the Oceanography and Resources of the North-West European Continental Shelf
260 _bTaylor and Francis
260 _c1990
365 _a
365 _b140
856 _uhttp://www.taylorfrancis.com/books/9781003465089
942 _cEBOOK
999 _c1823239
_d1823239